Statistics for Top 15 Celebrities Born In 1977

Click here to take the quiz!

General Stats

  • This quiz has been taken 140 times
  • The average score is 6 of 15

Answer Stats

Answer% Correct
Kanye West
90%
John Cena
80%
Shakira
70%
Tom Brady
68%
Orlando Bloom
58%
Jessica Chastain
42%
PSY
42%
Tom Hardy
42%
Robin Thicke
40%
Sarah Michelle Gellar
37%
Liv Tyler
28%
Britanny Murphy
23%
John Mayer
22%
Kelly Reilly
5%
Tamar Braxton
4%

Score Distribution

Percentile by Number Answered

Percent of People with Each Score

Your Score History

You have not taken this quiz